000 00530nam a2200193Ia 4500
003 LK-CoDNM
005 20241126150514.0
008 010623t1975 xxu||||| |||| 00| 1 sin d
040 _aLK-CoDNM
_dLK-CoDNM
_eLK-CoDNM
041 _asin
080 _ax 294.3
_bKUL
100 _aKulathilake,Leela Anuruddhika.
245 _aසමාජ සංශෝධන සංගායනා
246 _aSamaja Sanshodana Sangayana
260 _bGunasena
_aColombo
_c1975
300 _b95p. ; 21 cm
650 _aBUDDHISM
942 _cBK
999 _c109714
_d109714